[Event "Dubai op 18th"]
[Site "Dubai"]
[Date "2016.04.11"]
[Round "1"]
[White "Saleh, Nagueb M"]
[Black "Mchedlishvili, Mikheil"]
[Result "0-1"]
[WhiteElo "2208"]
[BlackElo "2615"]
[PlyCount "50"]
[EventDate "2016.04.11"]
[EventType "swiss"]
[EventRounds "9"]
[EventCountry "UAE"]
[SourceTitle "CBM 172 Extra"]
[Source "ChessBase"]
[SourceDate "2016.06.21"]
[SourceVersion "1"]
[SourceVersionDate "2016.06.21"]
[SourceQuality "1"]

1. Nf3 c5 2. c4 Nc6 3. Nc3 g6 4. g3 Bg7 5. Bg2 d6 6. 0-0 Bf5 7. d3 Qd7 8. Re1 Bh3 9. Bh1 h5 10. Bg5 Bxc3 11. bxc3 f6 12. Bd2 h4 13. d4 hxg3 14. fxg3 e5 15. Qc2 Bf5 16. e4 Bg4 17. Be3 b6 18. Rad1 Qc7 19. Qa4 Bd7 20. Qa6 Na5 21. dxc5 dxc5 22. Bg2 Ne7 23. Rd2 Ba4 24. h4 Nec6 25. Bh3 Rd8 0-1

[Event "Prague op-A 11th"]
[Site "Prague"]
[Date "2012.01.13"]
[Round "1"]
[White "Saleh, Nagueb M"]
[Black "Haslinger, Ewald"]
[Result "1-0"]
[WhiteElo "2220"]
[BlackElo "1734"]
[PlyCount "69"]
[EventDate "2012.01.13"]
[EventType "swiss"]
[EventRounds "9"]
[EventCountry "CZE"]
[SourceTitle "CBM 146 Extra"]
[Source "ChessBase"]
[SourceDate "2012.02.29"]
[SourceVersion "1"]
[SourceVersionDate "2012.02.29"]
[SourceQuality "1"]

1. Nf3 Nf6 2. c4 g6 3. Nc3 Bg7 4. g3 d6 5. d4 0-0 6. Bg2 c5 7. 0-0 Nc6 8. d5 Nb4 9. a3 Na6 10. h3 b6 11. e4 Nd7 12. Qc2 Ne5 13. Nd2 f5 14. f4 Nf7 15. exf5 Bxf5 16. Nde4 e5 17. dxe6 Bxe6 18. b3 Bd4+ 19. Kh2 Nc7 20. Bb2 d5 21. cxd5 Nxd5 22. Nxd5 Bxd5 23. Rad1 Bxe4 24. Qxe4 Rc8 25. Bxd4 cxd4 26. Rxd4 Qf6 27. Rf2 Rc3 28. Rd3 Rfc8 29. Rfd2 R8c7 30. Rd7 a5 31. Qe8+ Kg7 32. R2d6 Qf5 33. Be4 Rc2+ 34. Bxc2 Rxc2+ 35. Rd2 1-0

[Event "Benidorm op U2300 09th"]
[Site "Benidorm"]
[Date "2010.12.05"]
[Round "3"]
[White "Saleh, Nagueb M"]
[Black "Martinez Rodriguez, Pablo"]
[Result "1/2-1/2"]
[WhiteElo "2172"]
[BlackElo "2286"]
[PlyCount "37"]
[EventDate "2010.12.03"]
[EventType "swiss"]
[EventRounds "10"]
[EventCountry "ESP"]
[SourceTitle "CBM 139 Extra"]
[Source "ChessBase"]
[SourceDate "2011.01.05"]
[SourceVersion "1"]
[SourceVersionDate "2011.01.05"]
[SourceQuality "1"]

1. Nf3 Nf6 2. c4 e6 3. Nc3 d5 4. d4 Bb4 5. e3 0-0 6. Bd2 Nc6 7. Qc2 a6 8. a3 Be7 9. Rd1 dxc4 10. Bxc4 Bd6 11. Ne4 Nxe4 12. Qxe4 Qe7 13. Bc3 Bd7 14. 0-0 b5 15. Be2 b4 16. axb4 Nxb4 17. Bxb4 Bxb4 18. Ne5 Bd6 19. Nxd7 1/2-1/2

[Event "Benidorm op U2300 09th"]
[Site "Benidorm"]
[Date "2010.12.04"]
[Round "2"]
[White "Villuendas Valero, Adrian"]
[Black "Saleh, Nagueb M"]
[Result "1/2-1/2"]
[WhiteElo "2269"]
[BlackElo "2172"]
[PlyCount "71"]
[EventDate "2010.12.03"]
[EventType "swiss"]
[EventRounds "10"]
[EventCountry "ESP"]
[SourceTitle "CBM 139 Extra"]
[Source "ChessBase"]
[SourceDate "2011.01.05"]
[SourceVersion "1"]
[SourceVersionDate "2011.01.05"]
[SourceQuality "1"]

1. d4 Nf6 2. Bg5 g6 3. Bxf6 exf6 4. c4 Bg7 5. Nc3 0-0 6. g3 d6 7. Bg2 Nc6 8. e3 Re8 9. Nge2 Bd7 10. 0-0 Rb8 11. Rb1 Bf5 12. Rc1 a6 13. a3 Na5 14. Na2 Be4 15. b4 Bxg2 16. Kxg2 Nc6 17. Nac3 Ne7 18. Nf4 Bh6 19. Qf3 c6 20. Rfe1 Bxf4 21. Qxf4 d5 22. c5 Kg7 23. Qf3 Qd7 24. Rb1 f5 25. h4 Ng8 26. a4 Nf6 27. b5 axb5 28. axb5 Ne4 29. bxc6 bxc6 30. Nxe4 fxe4 31. Qf4 Rxb1 32. Rxb1 Re6 33. h5 h6 34. hxg6 Kxg6 35. Qg4+ Kf6 36. Rb8 1/2-1/2

[Event "Dubai op 09th"]
[Site "Dubai"]
[Date "2007.04.27"]
[Round "6"]
[White "Saleh, Nagueb M"]
[Black "Ramesh, Ramachandran B"]
[Result "0-1"]
[WhiteElo "2182"]
[BlackElo "2453"]
[PlyCount "88"]
[EventDate "2007.04.22"]
[EventType "swiss"]
[EventRounds "9"]
[EventCountry "UAE"]
[SourceTitle "CBM 118 Extra"]
[Source "ChessBase"]
[SourceDate "2007.07.04"]
[SourceVersion "1"]
[SourceVersionDate "2007.07.04"]
[SourceQuality "1"]

1. Nf3 Nf6 2. c4 e6 3. Nc3 d5 4. d4 Bb4 5. Bg5 Nbd7 6. e3 c5 7. cxd5 exd5 8. Be2 Qa5 9. 0-0 Bxc3 10. bxc3 c4 11. Qc2 Ne4 12. Rac1 Nb6 13. Bf4 Bg4 14. Rfe1 0-0 15. Nd2 Bf5 16. Nxe4 Bxe4 17. Qd2 Rfe8 18. f3 Bg6 19. Bf1 Qa3 20. g4 Na4 21. h4 Rac8 22. h5 Bd3 23. Bxd3 cxd3 24. Qxd3 Rxc3 25. Rxc3 Qxc3 26. Qb1 Rc8 27. Re2 Qc1+ 28. Qxc1 Rxc1+ 29. Kg2 b5 30. e4 Nc3 31. Bxc1 Nxe2 32. Bb2 Nf4+ 33. Kf1 Kf8 34. Bc3 Nd3 35. Bd2 Ke7 36. Ke2 Nb2 37. Bb4+ Ke6 38. Bf8 g6 39. Ke3 a5 40. f4 Nc4+ 41. Kd3 dxe4+ 42. Kxe4 f5+ 43. gxf5+ gxf5+ 44. Kd3 Nb6 0-1

[Event "Dubai op"]
[Site "Dubai"]
[Date "2002.04.25"]
[Round "9"]
[White "Salem, Ghuloom"]
[Black "Saleh, Nagueb M"]
[Result "1-0"]
[WhiteElo "2351"]
[BlackElo "2269"]
[PlyCount "63"]
[EventDate "2002.04.15"]
[EventType "swiss"]
[EventRounds "9"]
[EventCountry "UAE"]
[SourceTitle "CBM 087 Extra"]
[Source "ChessBase"]
[SourceDate "2002.05.03"]
[SourceVersion "2"]
[SourceVersionDate "2002.08.09"]
[SourceQuality "1"]

1. e4 c6 2. d4 d5 3. Nc3 dxe4 4. Nxe4 Nf6 5. Nxf6+ gxf6 6. c3 Bf5 7. Nf3 e6 8. g3 Qd5 9. Bg2 Qc4 10. Nh4 Bg6 11. f4 Qd3 12. f5 Bxf5 13. Nxf5 Qxf5 14. Qb3 b6 15. Bf4 Be7 16. 0-0 Qh5 17. Bxb8 Rxb8 18. Bxc6+ Kf8 19. Bf3 Qg5 20. Qc4 Bd6 21. Qa4 Rg8 22. Bg2 h5 23. Qd7 Bxg3 24. hxg3 Qxg3 25. Rf2 h4 26. d5 Re8 27. Re1 h3 28. dxe6 Re7 29. Qd8+ Kg7 30. Qxe7 h2+ 31. Kh1 Qxf2 32. Rf1 1-0

[Event "UAE President Cup"]
[Site "Abu Dhabi"]
[Date "2001.09.20"]
[Round "8"]
[White "Saleh, Nagueb M"]
[Black "Saleh, Nabil"]
[Result "1-0"]
[WhiteElo "2252"]
[BlackElo "2230"]
[PlyCount "79"]
[EventDate "2001.09.12"]
[EventType "swiss"]
[EventRounds "9"]
[EventCountry "UAE"]
[SourceTitle "CBM 084 Extra"]
[Source "ChessBase"]
[SourceDate "2001.10.26"]
[SourceVersion "1"]
[SourceVersionDate "2001.10.26"]
[SourceQuality "1"]

1. Nf3 d5 2. d4 Nf6 3. c4 e6 4. Nc3 Be7 5. Bg5 c6 6. e3 0-0 7. cxd5 exd5 8. Bd3 Nbd7 9. 0-0 Re8 10. Qc2 h6 11. Bh4 c5 12. dxc5 Nxc5 13. Rfd1 Nxd3 14. Qxd3 Be6 15. Bxf6 Bxf6 16. Nxd5 Bxd5 17. Qxd5 Qxd5 18. Rxd5 Bxb2 19. Rb1 Red8 20. Rb5 Bf6 21. Rxb7 a5 22. a4 Rac8 23. R7b5 Bc3 24. Kf1 Rc4 25. R1b3 Bb4 26. Rb2 Bc3 27. Ra2 g5 28. h3 Kg7 29. Nd4 Bxd4 30. exd4 Rcxd4 31. Rxa5 R8d7 32. Ra6 R7d6 33. Rxd6 Rxd6 34. a5 Ra6 35. Ke2 Kf6 36. Kd3 Ke6 37. Kc4 Kd6 38. Kb5 Ra8 39. a6 Rb8+ 40. Ka5 1-0

[Event "UAE President Cup"]
[Site "Abu Dhabi"]
[Date "2001.09.16"]
[Round "5"]
[White "Saleh, Nagueb M"]
[Black "Tayeb, Suhail"]
[Result "1-0"]
[WhiteElo "2252"]
[BlackElo "2221"]
[PlyCount "37"]
[EventDate "2001.09.12"]
[EventType "swiss"]
[EventRounds "9"]
[EventCountry "UAE"]
[SourceTitle "CBM 084 Extra"]
[Source "ChessBase"]
[SourceDate "2001.10.26"]
[SourceVersion "1"]
[SourceVersionDate "2001.10.26"]
[SourceQuality "1"]

1. Nf3 c5 2. c4 b6 3. g3 Bb7 4. Bg2 e5 5. d3 d6 6. 0-0 f5 7. Nc3 Nf6 8. Nh4 Bxg2 9. Kxg2 g6 10. e4 f4 11. gxf4 Nh5 12. Qg4 Be7 13. Nf3 Nd7 14. Nd5 0-0 15. Qe6+ Rf7 16. fxe5 Ng7 17. Nxe7+ Qxe7 18. Qxe7 Rxe7 19. exd6 1-0

[Event "Asia Cities-ch 12th"]
[Site "Beirut"]
[Date "2000.03.25"]
[Round "9"]
[White "Barakat, Rafic"]
[Black "Saleh, Nagueb M"]
[Result "0-1"]
[WhiteElo "2062"]
[BlackElo "2237"]
[PlyCount "112"]
[EventDate "2000.03.19"]
[EventType "team-swiss"]
[EventRounds "9"]
[EventCountry "LBN"]
[SourceTitle "EXT 2020"]
[Source "ChessBase"]
[SourceDate "2019.10.17"]
[SourceVersion "1"]
[SourceVersionDate "2019.10.17"]
[SourceQuality "1"]
[WhiteTeam "Sidon"]
[BlackTeam "Dubai"]
[WhiteTeamCountry "LBN"]
[BlackTeamCountry "UAE"]

1. e4 c6 2. d4 d5 3. Nd2 dxe4 4. Nxe4 Nf6 5. Nxf6+ gxf6 6. Bf4 Bf5 7. Nf3 e6 8. Qd2 Bd6 9. Bxd6 Qxd6 10. 0-0-0 Nd7 11. Nh4 Bg6 12. g3 Qd5 13. Kb1 Qxh1 14. Bg2 Qxh2 15. Rh1 Qxh1+ 16. Bxh1 0-0-0 17. Qc3 Kb8 18. a4 Nb6 19. a5 Nd5 20. Qc5 a6 21. Ka2 Rd7 22. c4 Ne7 23. b4 Bd3 24. Kb3 Rhd8 25. Kc3 Be2 26. Be4 Ng6 27. Nxg6 fxg6 28. f4 Rxd4 29. Qxd4 Rxd4 30. Kxd4 Kc7 31. Kc5 e5 32. fxe5 fxe5 33. Bc2 Bg4 34. Bd3 Bf5 35. Be2 h5 36. Bf3 Bg4 37. Be4 g5 38. Bh1 Be2 39. Bg2 h4 40. gxh4 gxh4 41. Bh3 Bf3 42. Bf1 Bg4 43. b5 axb5 44. cxb5 cxb5 45. Kd5 b4 46. Kxe5 b3 47. Kf4 b2 48. Bd3 Be2 49. Be4 Kd6 50. Ke3 Ke5 51. Bb1 h3 52. Kf2 Kd4 53. Kg3 Bf1 54. Kh2 Ke3 55. Kg1 Bd3 56. Ba2 b1Q+ 0-1

[Event "Dubai op"]
[Site "Dubai"]
[Date "1999.05.08"]
[Round "8"]
[White "Saleh, Nagueb M"]
[Black "Alsharhan, Faisal"]
[Result "1-0"]
[WhiteElo "2243"]
[BlackElo "2123"]
[PlyCount "67"]
[EventDate "1999.05.??"]
[EventType "swiss"]
[EventRounds "9"]
[EventCountry "UAE"]
[SourceTitle "CBM 070 Extra"]
[Source "ChessBase"]
[SourceDate "1999.07.10"]
[SourceVersion "1"]
[SourceVersionDate "1999.07.10"]
[SourceQuality "1"]

1. d4 Nf6 2. Nf3 d6 3. c4 c6 4. Nc3 Bg4 5. g3 Nbd7 6. Bg2 e5 7. h3 Bh5 8. e4 Be7 9. 0-0 0-0 10. g4 Bg6 11. Qe2 Re8 12. d5 Qc7 13. Nh4 Bf8 14. Nxg6 hxg6 15. Be3 c5 16. h4 a6 17. a4 b6 18. Bh3 Rab8 19. f3 Be7 20. Qh2 Nf8 21. Kf2 Qd8 22. Rh1 N6h7 23. g5 f6 24. Be6+ Kh8 25. h5 gxh5 26. g6 Nxg6 27. Qxh5 Ngf8 28. Bf5 Kg8 29. Bxh7+ Nxh7 30. Qxh7+ Kf7 31. Qh5+ Kg8 32. Qh8+ Kf7 33. Qxg7+ Kxg7 34. Rag1+ 1-0

[Event "Dubai op"]
[Site "Dubai"]
[Date "1999.05.07"]
[Round "7"]
[White "Abdelnabbi, Imed"]
[Black "Saleh, Nagueb M"]
[Result "1-0"]
[WhiteElo "2400"]
[BlackElo "2243"]
[PlyCount "75"]
[EventDate "1999.05.??"]
[EventType "swiss"]
[EventRounds "9"]
[EventCountry "UAE"]
[SourceTitle "CBM 070 Extra"]
[Source "ChessBase"]
[SourceDate "1999.07.10"]
[SourceVersion "1"]
[SourceVersionDate "1999.07.10"]
[SourceQuality "1"]

1. e4 c6 2. d4 d5 3. Nd2 dxe4 4. Nxe4 Nf6 5. Nxf6+ gxf6 6. Nf3 Bf5 7. Bd3 e6 8. Bf4 Bxd3 9. Qxd3 Bd6 10. Bg3 Qc7 11. Nd2 Nd7 12. Nc4 Bf4 13. Qa3 Bxg3 14. hxg3 Nb6 15. Nd6+ Kd8 16. Ne4 Qe7 17. Qa5 Kc8 18. 0-0-0 Nd7 19. g4 b6 20. Qh5 Kb7 21. Qxf7 Qxf7 22. Nd6+ Kc7 23. Nxf7 Rhg8 24. Nh6 Rg7 25. c4 f5 26. gxf5 exf5 27. g3 Rf8 28. Rh4 Rf6 29. Rh5 f4 30. Nf5 Rgf7 31. g4 Re6 32. f3 Re2 33. Rd2 Re1+ 34. Kc2 Rf1 35. Rd3 Nf6 36. Rh6 Ne8 37. b4 Ng7 38. Rxh7 1-0

[Event "Dubai op"]
[Site "Dubai"]
[Date "1999.05.03"]
[Round "3"]
[White "El Gindy, Essam"]
[Black "Saleh, Nagueb M"]
[Result "1-0"]
[WhiteElo "2458"]
[BlackElo "2243"]
[PlyCount "83"]
[EventDate "1999.05.??"]
[EventType "swiss"]
[EventRounds "9"]
[EventCountry "UAE"]
[SourceTitle "CBM 070 Extra"]
[Source "ChessBase"]
[SourceDate "1999.07.10"]
[SourceVersion "1"]
[SourceVersionDate "1999.07.10"]
[SourceQuality "1"]

1. d4 f5 2. Nf3 g6 3. Nbd2 Bg7 4. e4 fxe4 5. Nxe4 Nf6 6. Nxf6+ exf6 7. Be3 d5 8. Qd2 Bg4 9. Be2 Nc6 10. h3 Be6 11. 0-0-0 Qd7 12. Kb1 a6 13. g4 0-0-0 14. Ne1 Kb8 15. Nd3 Qf7 16. Nc5 Bc8 17. Qc3 Na7 18. Bf4 Rhe8 19. Bd3 Bf8 20. Rhe1 Bd6 21. Rxe8 Qxe8 22. Bxd6 Rxd6 23. Re1 Qf7 24. Qd2 Nc6 25. c3 Nd8 26. f4 Ne6 27. f5 gxf5 28. Bxf5 Nxc5 29. dxc5 Rd8 30. Bxc8 Kxc8 31. Qe3 Kd7 32. Qf3 Kc6 33. b4 Re8 34. Rxe8 Qxe8 35. Qxf6+ Kb5 36. Qf1+ Kc6 37. Qf3 Qe1+ 38. Kb2 Qd2+ 39. Kb3 a5 40. Qf6+ Kd7 41. Qf7+ Kd8 42. Qg8+ 1-0

[Event "Dubai op"]
[Site "Dubai"]
[Date "1999.05.01"]
[Round "1"]
[White "Gyimesi, Zoltan"]
[Black "Saleh, Nagueb M"]
[Result "1-0"]
[WhiteElo "2529"]
[BlackElo "2243"]
[PlyCount "103"]
[EventDate "1999.05.??"]
[EventType "swiss"]
[EventRounds "9"]
[EventCountry "UAE"]
[SourceTitle "CBM 070 Extra"]
[Source "ChessBase"]
[SourceDate "1999.07.10"]
[SourceVersion "1"]
[SourceVersionDate "1999.07.10"]
[SourceQuality "1"]

1. d4 f5 2. g3 Nf6 3. Bg2 g6 4. Nf3 Bg7 5. 0-0 0-0 6. c4 d6 7. Nc3 Nc6 8. d5 Na5 9. Qa4 c5 10. dxc6 Nxc6 11. Rd1 Qa5 12. Qb3 Qb4 13. Qxb4 Nxb4 14. Nd4 Kh8 15. b3 Ng4 16. Bb2 Ne5 17. Nd5 Nxd5 18. Bxd5 Nc6 19. Rd2 Nxd4 20. Bxd4 Bxd4 21. Rxd4 Rb8 22. Re1 Bd7 23. Bg2 Bc6 24. f4 Bxg2 25. Kxg2 Kg7 26. e4 Kf6 27. h3 Rbd8 28. Red1 fxe4 29. c5 Ke6 30. Rxe4+ Kd7 31. Kf3 Rf5 32. cxd6 exd6 33. Rc1 Rf7 34. Rec4 Ke6 35. Rc7 Rdd7 36. Rc8 d5 37. Re8+ Kd6 38. Rce1 Kc5 39. a3 Kd4 40. R8e3 Kc5 41. Re5 Rf6 42. Rc1+ Kd6 43. Rd1 Kc5 44. Ke3 Ra6 45. b4+ Kc4 46. Rd4+ Kb3 47. Rd3+ Kb2 48. Kd4 Rc6 49. Re2+ Rc2 50. Rxc2+ Kxc2 51. g4 Rc7 52. Rf3 1-0

[Event "Asia Cities-ch 11th"]
[Site "Genting Highlands"]
[Date "1998.04.14"]
[Round "8"]
[White "Saleh, Nagueb M"]
[Black "Drummond, Matthew"]
[Result "1-0"]
[WhiteElo "2240"]
[BlackElo "2245"]
[PlyCount "61"]
[EventDate "1998.04.09"]
[EventType "team-swiss"]
[EventRounds "9"]
[EventCountry "MAS"]
[SourceTitle "EXT 2020"]
[Source "ChessBase"]
[SourceDate "2019.10.17"]
[SourceVersion "1"]
[SourceVersionDate "2019.10.17"]
[SourceQuality "1"]
[WhiteTeam "Dubai"]
[BlackTeam "Sydney"]
[WhiteTeamCountry "UAE"]
[BlackTeamCountry "AUS"]

1. Nf3 Nf6 2. c4 c5 3. Nc3 e6 4. g3 b6 5. Bg2 Bb7 6. 0-0 Be7 7. Re1 0-0 8. e4 d6 9. d4 cxd4 10. Nxd4 Qc8 11. Be3 Nbd7 12. f4 a6 13. Rc1 Qc7 14. g4 Nc5 15. Bf2 g6 16. g5 Nh5 17. b4 Nxf4 18. bxc5 dxc5 19. Nf3 Rfd8 20. Qc2 Nd3 21. Rcd1 Nxe1 22. Rxe1 b5 23. Nd1 Qd7 24. Bf1 Qc7 25. Be3 Qa5 26. Nf2 Qa4 27. Qb2 Qb4 28. Qe5 Bd6 29. Qf6 Rd7 30. Ng4 Qxc4 31. Bd2 1-0